| 000 | 00877nam a22002057a 4500 | ||
|---|---|---|---|
| 999 |
_c7360 _d7360 |
||
| 003 | AR-CdUCM | ||
| 008 | 190320b ||||| |||| 00| 0 spa d | ||
| 040 |
_aMUNICIPALIDAD PROVINCIAL DEL CUSCO _cBIBLIOTECA MUNICIPAL DEL CUSCO |
||
| 082 |
_a658.14 / _bO41 |
||
| 100 |
_aOlano Flores, Humberto A. _920732 |
||
| 245 |
_aContabilidad de Empresas : _bLa Prticipacion Patrimonial del Trabajo / |
||
| 260 |
_aPerú : _bOlano Flores, Humberto A. , |
||
| 300 |
_a212 páginas ; _c20 cm. |
||
| 505 | _aContenido : La Contabilidad y la empresa, factores concurrentes al proceso economico -- el regimen de comunidades laborales , la particiopacion patrimonial del trabajo -- Tratamiento contable de la participacion... | ||
| 650 |
_aContabilidad _910543 |
||
| 650 |
_aContabilidad Empresarial _920733 |
||
| 650 |
_aContabilidad y Finanzas _920734 |
||
| 942 |
_2ddc _cLIBROS |
||
| 945 | _artm | ||